| 000 | 01695nam1a2200373 i 4500 | ||
|---|---|---|---|
| 001 | RU\NLR\bibl\1390717 | ||
| 005 | 20240920125211.0 | ||
| 035 | _a(NLR Aleph) 001382758 | ||
| 090 |
_a1112529 _c1112529 |
||
| 100 | _a20090708g20089999u y0rusy50 ca | ||
| 101 | 0 | _arus | |
| 102 | _aRU | ||
| 105 | _a||||z ||||| | ||
| 200 | 1 |
_aУправление интеллектуальными активами предприятия _eучебное пособие _fЕ. С. Юшков, А. Е. Юшков _gМоск. инж.-физ. ин-т (гос. ун-т) |
|
| 210 |
_aМосква _cПолиграфикс РПК _d2008 |
||
| 215 | _d21 | ||
| 463 | 0 | _10011333696 | |
| 463 | 0 | _10011333707 | |
| 463 | 0 | _10011334490 | |
| 463 | 0 | _10011333618 | |
| 606 | 1 |
_aИнтеллектуальная собственность _jУчебные издания для высших учебных заведений _xУправление _yРоссийская Федерация _92343940 _3RU\NLR\auth\661400844 |
|
| 606 | 1 |
_aИнтеллектуальная собственность _jУчебные издания для высших учебных заведений _xПравовые вопросы _yРоссийская Федерация _92186324 _3RU\NLR\auth\661314483 |
|
| 686 | _aХ623.3я73 | ||
| 686 | _aХ623.4я73 | ||
| 686 | _aУ9(2)-14(2Р)я73 | ||
| 700 | 1 |
_aЮшков _bЕ. С. _gЕвгений Семенович _4070 |
|
| 701 | 1 |
_aЮшков _bА. Е. _gАлександр Евгеньевич _4070 |
|
| 801 | 0 |
_aRU _bNLR _c20090708 _gRCR |
|
| 801 | 1 |
_aRU _bNLR _c20090708 |
|
| 830 | _aавт. по кн. | ||
| 852 |
_aNLR _j2009-3/5157 |
||
| 942 | _cBOOK | ||